Marketing aesthetics : the strategic management of brands, identity, and image
Αποθηκεύτηκε σε:
| Κύριος συγγραφέας: | |
|---|---|
| Άλλοι συγγραφείς: | |
| Μορφή: | Βιβλίο |
| Γλώσσα: | English |
| Δημοσίευση: |
New York :
Free Press,
c1997.
|
| Θέματα: | |
| Ετικέτες: |
Προσθήκη ετικέτας
Δεν υπάρχουν, Καταχωρήστε ετικέτα πρώτοι!
|
MARC
| LEADER | 00000cam a2200000 i 4500 | ||
|---|---|---|---|
| 001 | 1/58913 | ||
| 008 | 141103s1997 nyu| ||| |||| ||eng|| | ||
| 020 | |a 0684826550 | ||
| 035 | |l 10119605 | ||
| 040 | |a GR-MY-UA |b gre |e aacr | ||
| 041 | 0 | |a eng | |
| 082 | 0 | |a 658.827 |2 (23) | |
| 100 | 1 | |a Schmitt, Bernd. | |
| 245 | 1 | 0 | |a Marketing aesthetics : |b the strategic management of brands, identity, and image / |c Bernd Schmitt, Alex Simonson ; foreword by Tom Peters. |
| 260 | |a New York : |b Free Press, |c c1997. | ||
| 300 | |a xv, 345 σ. : |b εικ. ; |c 24 εκ. | ||
| 504 | |a Βιβλιογραφία: σ. 321-330. Ευρετήριο. | ||
| 650 | 0 | 0 | |a Corporate image. |
| 650 | 0 | 0 | |a Brand name products. |
| 700 | 1 | |a Simonson, Alex. | |
| 852 | |a INST |b LESVOS |e 20231129 |h 658.827 SCH |p 005100065616 |q 005100065616 |t BK |y 0 | ||
| 852 | |a INST |b SYROS |e 20141103 |h 658.827 SCH |p 005500012385 |q 005500012385 |t BK |y 0 | ||
| 901 | |a BIBL5-2014-1 | ||
| 970 | |a ΚΟΝΤΟΥ |b ΠΑΡΑΣΚΕΥΗ |z 2014/11/03 | ||